[Event "Roland Gaudet mem"]
[Site "Hull CAN"]
[Date "2004.01.20"]
[Round "3"]
[White "Laurin, Jacques"]
[Black "Menard, Marc"]
[Result "1-0"]
[WhiteElo "1843"]
[BlackElo "1635"]
[PlyCount "93"]
[GameId "2160767911208975"]
[EventDate "2004.01.06"]
[EventType "swiss"]
[EventRounds "5"]
[EventCountry "CAN"]
[SourceTitle "EXT 2005"]
[Source "ChessBase"]
[SourceDate "2004.11.15"]
[SourceVersion "1"]
[SourceVersionDate "2004.11.15"]
[SourceQuality "1"]

1. c4 e5 2. g3 Nf6 3. Bg2 d5 4. cxd5 Nxd5 5. Nc3 Be6 6. e3 Be7 7. Nf3 Nc6 8. O-O O-O 9. a3 f5 10. Qb3 e4 11. Nd4 Nxd4 12. exd4 Qd7 13. Qxb7 Rab8 14. Qa6 c5 15. dxc5 Bxc5 16. b4 Rb6 17. Qe2 Bd4 18. Bb2 Bf6 19. Rab1 Rc6 20. Rfc1 Rfc8 21. b5 Nxc3 22. dxc3 Rc5 23. a4 Bxc3 24. Bxc3 Rxc3 25. Rxc3 Rxc3 26. Qe1 Rd3 27. Bf1 Rd2 28. a5 Qd4 29. b6 axb6 30. axb6 Rb2 31. b7 Qb6 32. Rxb2 Qxb2 33. Ba6 Qb6 34. Qe3 Qb1+ 35. Kg2 Bd5 36. Qd4 Bxb7 37. Qd8+ Kf7 38. Qd7+ Kg6 39. Bxb7 Qb3 40. Qd6+ Kh5 41. h3 Qxb7 42. g4+ Kg5 43. Qe5 e3+ 44. f3 g6 45. h4+ Kxh4 46. Qf6+ g5 47. Qh6# 1-0

[Event "Roland Gaudet mem"]
[Site "Hull CAN"]
[Date "2004.01.20"]
[Round "3"]
[White "Lemieux, Richard"]
[Black "Papineau, Andre"]
[Result "1/2-1/2"]
[WhiteElo "1725"]
[BlackElo "1746"]
[PlyCount "96"]
[GameId "2160767911208976"]
[EventDate "2004.01.06"]
[EventType "swiss"]
[EventRounds "5"]
[EventCountry "CAN"]
[SourceTitle "EXT 2005"]
[Source "ChessBase"]
[SourceDate "2004.11.15"]
[SourceVersion "1"]
[SourceVersionDate "2004.11.15"]
[SourceQuality "1"]

1. e4 c5 2. d4 e6 3. Nf3 cxd4 4. c3 g6 5. cxd4 Bg7 6. Bc4 Nc6 7. O-O Qc7 8. Bb3 a5 9. d5 Ne5 10. Bf4 Nxf3+ 11. Qxf3 e5 12. Rc1 Qd6 13. Be3 b6 14. Na3 Qf6 15. Qxf6 Nxf6 16. f3 O-O 17. Bxb6 a4 18. Bd1 Rb8 19. Bc7 Rxb2 20. Bxe5 Nh5 21. Bxb2 Bxb2 22. Nc4 Bxa1 23. Rxa1 Ba6 24. Nb6 Rb8 25. Nxa4 d6 26. Rc1 Nf4 27. g3 Nd3 28. Rc6 Rb1 29. Rxa6 Rxd1+ 30. Kg2 Rd2+ 31. Kh3 Rxa2 32. Ra8+ Kg7 33. Nb6 Rf2 34. Nc4 Rxf3 35. Nxd6 h5 36. Ne8+ Kh6 37. d6 Ne5 38. Ra7 Ng4 39. Ra2 Rd3 40. Kg2 Ne3+ 41. Kh3 Ng4 42. Re2 Ne5 43. Kg2 Rb3 44. Rd2 Rb8 45. Nf6 Rd8 46. Rd5 Nc4 47. Rd4 Rxd6 48. Rxd6 Nxd6 1/2-1/2

[Event "Roland Gaudet mem"]
[Site "Hull CAN"]
[Date "2004.01.20"]
[Round "3"]
[White "Roy, Roger"]
[Black "Libersan, Mattieu"]
[Result "0-1"]
[WhiteElo "1739"]
[BlackElo "1869"]
[PlyCount "100"]
[GameId "2160767911208977"]
[EventDate "2004.01.06"]
[EventType "swiss"]
[EventRounds "5"]
[EventCountry "CAN"]
[SourceTitle "EXT 2005"]
[Source "ChessBase"]
[SourceDate "2004.11.15"]
[SourceVersion "1"]
[SourceVersionDate "2004.11.15"]
[SourceQuality "1"]

1. b3 d5 2. Bb2 Nc6 3. Nf3 Nf6 4. e3 Bg4 5. Be2 Bxf3 6. Bxf3 e5 7. d3 Bb4+ 8. c3 Bd6 9. Nd2 O-O 10. O-O Re8 11. Qc2 Ne7 12. e4 c6 13. Rfe1 Ng6 14. g3 h5 15. h4 Qd7 16. Nf1 Bc5 17. b4 Bb6 18. Rad1 Ng4 19. d4 Rad8 20. Nh2 Nf6 21. exd5 cxd5 22. dxe5 Nxe5 23. Bg2 Neg4 24. Nxg4 Nxg4 25. Rxe8+ Rxe8 26. Rf1 Qd6 27. Qd3 Qe5 28. Bc1 Nxf2 29. Rxf2 Qe1+ 30. Qf1 Bxf2+ 31. Kh1 Qxf1+ 32. Bxf1 Re1 33. Bf4 Rxf1+ 34. Kg2 Ra1 35. Kxf2 Rxa2+ 36. Ke3 a5 37. bxa5 Rxa5 38. Kd4 Kf8 39. Bc7 Rb5 40. Bd6+ Ke8 41. Be5 f6 42. Bd6 Kd7 43. Bf8 g5 44. hxg5 fxg5 45. Bh6 h4 46. gxh4 gxh4 47. c4 dxc4 48. Kxc4 Rh5 49. Bf4 h3 50. Bh2 Rf5 0-1

[Event "Roland Gaudet mem"]
[Site "Hull CAN"]
[Date "2004.01.27"]
[Round "4"]
[White "Lacourse, Guy"]
[Black "Scantland, Patrick"]
[Result "1-0"]
[WhiteElo "1683"]
[BlackElo "1632"]
[PlyCount "55"]
[GameId "2160767911208978"]
[EventDate "2004.01.06"]
[EventType "swiss"]
[EventRounds "5"]
[EventCountry "CAN"]
[SourceTitle "EXT 2005"]
[Source "ChessBase"]
[SourceDate "2004.11.15"]
[SourceVersion "1"]
[SourceVersionDate "2004.11.15"]
[SourceQuality "1"]

1. d4 Nf6 2. Nf3 e6 3. c4 c5 4. d5 exd5 5. cxd5 d6 6. Nc3 g6 7. e4 Bg7 8. Be2 O-O 9. O-O Nbd7 10. Bf4 Ne8 11. Qc2 a6 12. a4 Ndf6 13. h3 Nc7 14. Bxd6 Qxd6 15. e5 Qd8 16. exf6 Bxf6 17. Ne4 Bg7 18. Qxc5 Qxd5 19. Qxd5 Nxd5 20. Nd6 Nf4 21. Bc4 Rb8 22. Rab1 Bd7 23. a5 Bc6 24. Ng5 Ne6 25. Ngxf7 Bd7 26. Ng5 Rf6 27. Nde4 b5 28. Nxf6+ 1-0

[Event "Roland Gaudet mem"]
[Site "Hull CAN"]
[Date "2004.01.27"]
[Round "4"]
[White "Laurin, Jacques"]
[Black "Brousseau, Yvan"]
[Result "1/2-1/2"]
[WhiteElo "1843"]
[BlackElo "1977"]
[PlyCount "95"]
[GameId "2160767911208979"]
[EventDate "2004.01.06"]
[EventType "swiss"]
[EventRounds "5"]
[EventCountry "CAN"]
[SourceTitle "EXT 2005"]
[Source "ChessBase"]
[SourceDate "2004.11.15"]
[SourceVersion "1"]
[SourceVersionDate "2004.11.15"]
[SourceQuality "1"]

1. c4 e5 2. g3 Nf6 3. Bg2 Bc5 4. Nc3 O-O 5. e3 a6 6. Nge2 d6 7. Rb1 c6 8. b4 Ba7 9. d4 exd4 10. exd4 Bf5 11. Rb2 Nbd7 12. c5 d5 13. Bg5 h6 14. Bf4 Re8 15. f3 Nf8 16. O-O Ne6 17. Be5 Nh7 18. g4 Bg6 19. Ng3 f6 20. Bd6 Bb8 21. Bxb8 Qxb8 22. Nce2 Nf4 23. a4 Qc7 24. Qd2 Nxe2+ 25. Nxe2 Ng5 26. h4 Nf7 27. Nf4 Bh7 28. Nh5 Qe7 29. f4 Qe3+ 30. Qxe3 Rxe3 31. b5 axb5 32. axb5 Bd3 33. bxc6 bxc6 34. Rd1 Bg6 35. Rb6 Bxh5 36. gxh5 Nd8 37. Rxc6 Nxc6 38. Bxd5+ Kf8 39. Bxc6 Ra2 40. Kf1 Ke7 41. Rb1 Rc3 42. Re1+ Kd8 43. Rd1 Rh3 44. Bd5 Rb2 45. Ra1 Rxh4 46. Ra8+ Kc7 47. Ra7+ Kd8 48. Ra8+ 1/2-1/2

[Event "Roland Gaudet mem"]
[Site "Hull CAN"]
[Date "2004.01.27"]
[Round "4"]
[White "Thibault, Mario"]
[Black "Roy, Roger"]
[Result "1/2-1/2"]
[WhiteElo "1679"]
[BlackElo "1739"]
[PlyCount "101"]
[GameId "2160767911208980"]
[EventDate "2004.01.06"]
[EventType "swiss"]
[EventRounds "5"]
[EventCountry "CAN"]
[SourceTitle "EXT 2005"]
[Source "ChessBase"]
[SourceDate "2004.11.15"]
[SourceVersion "1"]
[SourceVersionDate "2004.11.15"]
[SourceQuality "1"]

1. Nf3 d5 2. g3 g6 3. Bg2 Bg7 4. d3 Nf6 5. O-O O-O 6. Nbd2 Nc6 7. e4 dxe4 8. dxe4 e5 9. c3 Be6 10. Qe2 Qe7 11. Nc4 Qc5 12. Nfd2 Rad8 13. b3 b5 14. Ba3 b4 15. cxb4 Nxb4 16. Nxe5 Qxe5 17. Bxb4 c5 18. Ba3 Qc3 19. Nf3 Rfe8 20. Rac1 Qa5 21. Bxc5 Rc8 22. Bd4 Qa3 23. Rb1 Bg4 24. Qb2 Qxb2 25. Rxb2 Rxe4 26. Be3 Nd5 27. Re2 Nc3 28. Rc2 Rd8 29. Ng5 Re7 30. Re1 Bf5 31. Rd2 Rxd2 32. Bxd2 Rxe1+ 33. Bxe1 Nxa2 34. Bd5 Bf6 35. Nxf7 Kg7 36. Nd6 Bd7 37. Ne4 Bd4 38. Bd2 Bb2 39. b4 Nc1 40. Be3 Ne2+ 41. Kg2 Bd4 42. Nc5 Bg4 43. Ne6+ Bxe6 44. Bxe6 Kf6 45. Bc4 Bxe3 46. fxe3 Nc3 47. Kf3 Ke5 48. h4 h6 49. Bd3 Kf6 50. Bc4 Ke5 51. Bd3 1/2-1/2

[Event "Roland Gaudet mem"]
[Site "Hull CAN"]
[Date "2004.02.03"]
[Round "5"]
[White "Arsenault, Yves"]
[Black "Laurin, Jacques"]
[Result "0-1"]
[WhiteElo "1597"]
[BlackElo "1843"]
[PlyCount "100"]
[GameId "2160767911208981"]
[EventDate "2004.01.06"]
[EventType "swiss"]
[EventRounds "5"]
[EventCountry "CAN"]
[SourceTitle "EXT 2005"]
[Source "ChessBase"]
[SourceDate "2004.11.15"]
[SourceVersion "1"]
[SourceVersionDate "2004.11.15"]
[SourceQuality "1"]

1. e4 e6 2. d4 c5 3. Nf3 cxd4 4. Nxd4 a6 5. Nd2 Bc5 6. c3 Nf6 7. Bd3 Nc6 8. N2b3 Ba7 9. f4 d5 10. e5 Nd7 11. Qg4 O-O 12. Rf1 Nc5 13. Nxc5 Bxc5 14. Nxc6 bxc6 15. f5 exf5 16. Bxf5 Bxf5 17. Rxf5 Qd7 18. Bh6 g6 19. Bxf8 Bxf8 20. Rf4 Qa7 21. Rf1 Re8 22. Qe2 Bg7 23. O-O-O Bxe5 24. Kb1 Qb7 25. Rf2 Re6 26. Qc2 Bxh2 27. Rh1 Qe7 28. Qd1 Bg3 29. Rff1 Re2 30. Rhg1 Qe4+ 31. Ka1 Rxg2 32. Rxg2 Qxg2 33. Rg1 Qf2 34. Rf1 Qe3 35. Rf3 Qe5 36. Qf1 f5 37. Qg1 f4 38. a3 g5 39. Rd3 Qe1+ 40. Qxe1 Bxe1 41. Rf3 Bg3 42. Kb1 h5 43. Kc1 g4 44. Rf1 Kg7 45. Kd1 Kg6 46. Ke2 Kg5 47. b3 Kf5 48. Kd3 Bh2 49. Rf2 g3 50. Rg2 f3 0-1

[Event "Roland Gaudet mem"]
[Site "Hull CAN"]
[Date "2004.02.03"]
[Round "5"]
[White "Brousseau, Yvan"]
[Black "Lacourse, Guy"]
[Result "1-0"]
[WhiteElo "1977"]
[BlackElo "1683"]
[PlyCount "84"]
[GameId "2160767911208982"]
[EventDate "2004.01.06"]
[EventType "swiss"]
[EventRounds "5"]
[EventCountry "CAN"]
[SourceTitle "EXT 2005"]
[Source "ChessBase"]
[SourceDate "2004.11.15"]
[SourceVersion "1"]
[SourceVersionDate "2004.11.15"]
[SourceQuality "1"]

1. d4 Nf6 2. c4 e6 3. Nc3 d5 4. Bg5 Be7 5. e3 O-O 6. Bd3 Nbd7 7. Nf3 c6 8. O-O dxc4 9. Bxc4 Nd5 10. Bxe7 Qxe7 11. e4 Nxc3 12. bxc3 e5 13. Qe2 b5 14. Bb3 a6 15. h3 Rb8 16. a4 Kh8 17. axb5 axb5 18. Ra7 Rb7 19. Rfa1 f6 20. d5 Nc5 21. Rxb7 Bxb7 22. Ra7 Ra8 23. Rxa8+ Bxa8 24. Qa2 Qd8 25. Nd2 h6 26. dxc6 Bxc6 27. Bd5 Be8 28. f3 g5 29. Qa3 Nd7 30. Qd6 Qb6+ 31. Qxb6 Nxb6 32. Kf2 Na4 33. Nb1 Kg7 34. Ke3 Bf7 35. Bxf7 Kxf7 36. Kd2 Ke6 37. Na3 b4 38. cxb4 Kd6 39. Kc2 Kc6 40. Kb3 Nb6 41. Nc4 Nc8 42. Ne3 h5 1-0

[Event "Roland Gaudet mem"]
[Site "Hull CAN"]
[Date "2004.02.03"]
[Round "5"]
[White "Mai, Lloyd"]
[Black "Libersan, Mattieu"]
[Result "1-0"]
[WhiteElo "1671"]
[BlackElo "1869"]
[PlyCount "47"]
[GameId "2160767911208983"]
[EventDate "2004.01.06"]
[EventType "swiss"]
[EventRounds "5"]
[EventCountry "CAN"]

1. e4 e5 2. Nf3 Nc6 3. Bc4 Bc5 4. c3 Nf6 5. d3 d6 6. O-O O-O 7. Nbd2 Be6 8. Bb3 Qd7 9. Re1 Ng4 10. Re2 Rae8 11. Nf1 f5 12. d4 fxe4 13. Rxe4 Nf6 14. Re2 exd4 15. cxd4 Bb6 16. d5 Bxd5 17. Bxd5+ Nxd5 18. Qxd5+ Kh8 19. Be3 Rf5 20. Qd2 Ref8 21. Bxb6 axb6 22. Ng3 Rf4 23. Rae1 Qf7 24. Ng5 1-0

[Event "Roland Gaudet mem"]
[Site "Hull CAN"]
[Date "2004.02.03"]
[Round "5"]
[White "Roy, Roger"]
[Black "Dallaire, Dominic"]
[Result "1/2-1/2"]
[WhiteElo "1739"]
[BlackElo "1762"]
[PlyCount "65"]
[GameId "2160767911208985"]
[EventDate "2004.01.06"]
[EventType "swiss"]
[EventRounds "5"]
[EventCountry "CAN"]
[SourceTitle "EXT 2005"]
[Source "ChessBase"]
[SourceDate "2004.11.15"]
[SourceVersion "1"]
[SourceVersionDate "2004.11.15"]
[SourceQuality "1"]

1. d4 Nf6 2. c4 g6 3. g3 Bg7 4. Bg2 d6 5. Nc3 O-O 6. e3 Nc6 7. Nge2 Bd7 8. O-O e5 9. d5 Ne7 10. Bd2 Nh5 11. e4 f5 12. exf5 Bxf5 13. Ne4 Nf6 14. N2c3 Qd7 15. Nxf6+ Rxf6 16. Bg5 Rf7 17. Qe2 Raf8 18. Ne4 h6 19. Be3 Bh3 20. f3 Bxg2 21. Kxg2 Nf5 22. Rad1 Qa4 23. b3 Nxe3+ 24. Qxe3 Qxa2+ 25. Rd2 Qa3 26. Rff2 Qa6 27. Ra2 Qb6 28. Qxb6 axb6 29. Ra7 Rb8 30. Rfa2 Rff8 31. h3 Kf7 32. b4 Ke7 33. b5 1/2-1/2

[Event "SWOCL-ch"]
[Site "London CAN"]
[Date "2004.04.24"]
[Round "1"]
[White "Zendrowski, Jay"]
[Black "Chung, Kevin"]
[Result "1-0"]
[WhiteElo "2281"]
[BlackElo "1997"]
[PlyCount "53"]
[GameId "2160767911166664"]
[EventDate "2004.04.24"]
[EventType "swiss"]
[EventRounds "5"]
[EventCountry "CAN"]

1. Nf3 e6 2. c4 Nf6 3. Nc3 d5 4. d4 c5 5. cxd5 exd5 6. Bg5 Be6 7. e3 a6 8. dxc5 Bxc5 9. Rc1 O-O 10. Bd3 Be7 11. Nd4 h6 12. Bh4 Qb6 13. O-O Nbd7 14. Nf5 Bxf5 15. Bxf5 g5 16. Bxd7 Qd6 17. Bf5 gxh4 18. Qd4 Qb4 19. Nxd5 Nxd5 20. Qxd5 Rad8 21. Qf3 Qxb2 22. Rb1 Qxa2 23. Qg4+ Kh8 24. Rb6 Bg5 25. Qh5 f6 26. Rxb7 Rf7 27. Rxf7 1-0

[Event "SWOCL-ch"]
[Site "London CAN"]
[Date "2004.04.24"]
[Round "2"]
[White "Coleman, Mike"]
[Black "Zendrowski, Jay"]
[Result "1/2-1/2"]
[WhiteElo "2122"]
[BlackElo "2281"]
[PlyCount "66"]
[GameId "2160767911166665"]
[EventDate "2004.04.24"]
[EventType "swiss"]
[EventRounds "5"]
[EventCountry "CAN"]

1. d4 Nf6 2. c4 g6 3. Nc3 d5 4. Nf3 Bg7 5. Qb3 dxc4 6. Qxc4 O-O 7. e4 Nfd7 8. Bf4 Nc6 9. Rd1 Nb6 10. Qc5 Bg4 11. d5 Bxf3 12. gxf3 Ne5 13. Be2 Qd6 14. Be3 Rfc8 15. Nb5 Qf6 16. f4 Ned7 17. e5 Qxf4 18. Bxf4 Nxc5 19. Bg4 e6 20. b4 Nxd5 21. Rxd5 exd5 22. bxc5 f5 23. exf6 Re8+ 24. Be2 Re4 25. fxg7 Rxf4 26. Nxc7 Rc8 27. Nxd5 Rf7 28. O-O Rxc5 29. Ne3 Kxg7 30. Rd1 Rfc7 31. Rd8 Rc1+ 32. Kg2 Re1 33. Bd3 Rec1 1/2-1/2

[Event "SWOCL-ch"]
[Site "London CAN"]
[Date "2004.04.24"]
[Round "3"]
[White "Zendrowski, Jay"]
[Black "Jackson, David"]
[Result "1-0"]
[WhiteElo "2281"]
[BlackElo "2073"]
[PlyCount "45"]
[GameId "2160767911166666"]
[EventDate "2004.04.24"]
[EventType "swiss"]
[EventRounds "5"]
[EventCountry "CAN"]

1. d4 f5 2. Qd3 d5 3. g4 fxg4 4. h3 gxh3 5. Bxh3 Nf6 6. Nc3 Nc6 7. Bg5 e6 8. O-O-O Be7 9. Nf3 Nb4 10. Qe3 Qd6 11. a3 Na6 12. Rdg1 c5 13. Bf4 Qb6 14. Rxg7 Bf8 15. Rhg1 Bxg7 16. Rxg7 Bd7 17. Qe5 O-O-O 18. Qxf6 Rhf8 19. Qe5 cxd4 20. Nxd4 Qc7 21. Qxc7+ Nxc7 22. Bxc7 Kxc7 23. Nxe6+ 1-0

[Event "SWOCL-ch"]
[Site "London CAN"]
[Date "2004.04.25"]
[Round "4"]
[White "Livshits, Ron"]
[Black "Zendrowski, Jay"]
[Result "1-0"]
[WhiteElo "2431"]
[BlackElo "2281"]
[PlyCount "105"]
[GameId "2160767911166667"]
[EventDate "2004.04.24"]
[EventType "swiss"]
[EventRounds "5"]
[EventCountry "CAN"]

1. d4 Nf6 2. c4 g6 3. Nc3 Bg7 4. e4 d6 5. f3 O-O 6. Bg5 h6 7. Be3 c5 8. d5 Nbd7 9. Qd2 Kh7 10. Nh3 Ne5 11. Nf2 Nh5 12. Be2 f5 13. exf5 gxf5 14. f4 Ng4 15. Nxg4 fxg4 16. Bd3+ Bf5 17. Bxf5+ Rxf5 18. Ne4 Qb6 19. Rb1 Qb4 20. Qxb4 cxb4 21. g3 Nf6 22. Nd2 e6 23. dxe6 Re8 24. Nb3 Ne4 25. Bxa7 Rxe6 26. O-O Nc5 27. Rfe1 Rxe1+ 28. Rxe1 Nxb3 29. axb3 b5 30. cxb5 Rxb5 31. Rd1 Ra5 32. Bb6 Rb5 33. Be3 Bxb2 34. Rxd6 Ra5 35. Bd2 Ra1+ 36. Kf2 Rh1 37. Kg2 Rd1 38. Bxb4 Bd4 39. Be1 Rxe1 40. Rxd4 Re2+ 41. Kg1 Rb2 42. f5 h5 43. Rb4 Rb1+ 44. Kf2 Rb2+ 45. Ke3 Rxh2 46. Kf4 Rf2+ 47. Kg5 Rf3 48. Rb7+ Kg8 49. Kg6 Kf8 50. f6 Ke8 51. f7+ Kf8 52. Rb8+ Ke7 53. Re8+ 1-0

[Event "SWOCL-ch"]
[Site "London CAN"]
[Date "2004.04.25"]
[Round "5"]
[White "Zendrowski, Jay"]
[Black "Zubac, Marius"]
[Result "1-0"]
[WhiteElo "2281"]
[BlackElo "2218"]
[PlyCount "61"]
[GameId "2160767911166669"]
[EventDate "2004.04.24"]
[EventType "swiss"]
[EventRounds "5"]
[EventCountry "CAN"]

1. e4 c5 2. Nf3 Nc6 3. d4 cxd4 4. Nxd4 Nf6 5. Nc3 e5 6. Ndb5 d6 7. Bg5 a6 8. Na3 b5 9. Bxf6 gxf6 10. Nd5 f5 11. c3 Bg7 12. Nxb5 axb5 13. Bxb5 Bd7 14. exf5 O-O 15. Qg4 Kh8 16. O-O Rb8 17. a4 Rg8 18. Qh5 f6 19. Rfd1 Ne7 20. Nxf6 Bxf6 21. Rxd6 Rb6 22. Rxd7 Qa8 23. Bf1 Rxb2 24. g3 Qc6 25. Rad1 Qc5 26. Be2 e4 27. Qf7 Qxc3 28. Bc4 Rbb8 29. Rxe7 Bxe7 30. Qxe7 Qxc4 31. Qe5+ 1-0

[Event "Saturday Night Fever"]
[Site "Vancouver CAN"]
[Date "2004.02.14"]
[Round "2"]
[White "Chung, Alvin"]
[Black "Yip, Michael"]
[Result "0-1"]
[WhiteElo "1960"]
[BlackElo "2045"]
[PlyCount "60"]
[GameId "2160767911192075"]
[EventDate "2004.02.07"]
[EventType "swiss"]
[EventRounds "5"]
[EventCountry "CAN"]

1. c4 e5 2. g3 Nf6 3. Bg2 d5 4. cxd5 Nxd5 5. Nc3 Nb6 6. Nf3 Nc6 7. O-O Be7 8. d3 Be6 9. b3 f6 10. Bb2 O-O 11. Rc1 Qd7 12. Nd2 Nd4 13. Nce4 Rad8 14. Nc5 Bxc5 15. Rxc5 c6 16. f4 exf4 17. Rxf4 Nf5 18. Qc2 Nd5 19. Bxd5 cxd5 20. Nf1 Rc8 21. d4 b6 22. Rxc8 Rxc8 23. Qd2 Nd6 24. Ne3 Ne4 25. Qb4 Bh3 26. Qe1 Qe6 27. Nf1 Rc2 28. Bc1 Nc3 29. Bd2 Nxe2+ 30. Kf2 Nxf4 0-1

[Event "Saturday Night Fever"]
[Site "Vancouver CAN"]
[Date "2004.03.27"]
[Round "2"]
[White "Kostin, Andrey"]
[Black "Feng, Jason"]
[Result "1/2-1/2"]
[WhiteElo "1758"]
[BlackElo "1627"]
[PlyCount "85"]
[GameId "2160767911192076"]
[EventDate "2004.02.07"]
[EventType "swiss"]
[EventRounds "5"]
[EventCountry "CAN"]
[SourceTitle "EXT 2006"]
[Source "ChessBase"]
[SourceDate "2005.11.24"]
[SourceVersion "1"]
[SourceVersionDate "2005.11.24"]
[SourceQuality "1"]

1. e4 a6 2. d4 h6 3. f4 b5 4. Nf3 Bb7 5. Bd3 e6 6. Be3 Nf6 7. Nbd2 Be7 8. Qe2 Nc6 9. c3 d5 10. e5 Nd7 11. O-O Nb6 12. f5 exf5 13. Bxf5 Bc8 14. e6 Bxe6 15. Bxe6 fxe6 16. Ne5 Nxe5 17. Qh5+ Kd7 18. Qxe5 Bf6 19. Qh5 Qe7 20. Nb3 Na4 21. Rae1 Raf8 22. Re2 Bg5 23. Rfe1 Bxe3+ 24. Rxe3 Rf6 25. Qxd5+ exd5 26. Rxe7+ Kc6 27. Rxg7 Rhf8 28. h3 Nxb2 29. Ree7 Rc8 30. Nc5 Na4 31. Nxa6 Nxc3 32. Rxc7+ Rxc7 33. Rxc7+ Kb6 34. Rxc3 Kxa6 35. Rc5 Rd6 36. Kf2 Ka5 37. g4 Kb4 38. Kg3 Ra6 39. Rc2 Ra3+ 40. Kf4 Rxh3 41. Ke5 Rg3 42. Kxd5 Rxg4 43. Rb2+ 1/2-1/2

[Event "September TNT"]
[Site "Winnipeg CAN"]
[Date "2004.09.14"]
[Round "2"]
[White "Gibbons, Lorne"]
[Black "Trueman, Francis"]
[Result "0-1"]
[WhiteElo "1318"]
[BlackElo "1507"]
[PlyCount "64"]
[GameId "2160767911069361"]
[EventDate "2004.09.07"]
[EventType "swiss"]
[EventRounds "4"]
[EventCountry "CAN"]

1. d4 Nf6 2. c4 d6 3. Nc3 g6 4. Bf4 Bg7 5. Nf3 O-O 6. h3 Nbd7 7. e3 c6 8. Be2 Qc7 9. O-O Re8 10. d5 Nc5 11. Nd2 e5 12. dxe6 Bxe6 13. b4 Na6 14. a3 Qd8 15. Rc1 Nc7 16. Nf3 d5 17. Bxc7 Qxc7 18. cxd5 Rad8 19. Bc4 Bf5 20. Nd4 Ne4 21. g4 Nxc3 22. Rxc3 Be4 23. dxc6 Be5 24. f4 Bxd4 25. exd4 Qxc6 26. Bxf7+ Kxf7 27. Rxc6 bxc6 28. Rf2 Rd6 29. Rd2 Bd5 30. Qf1 Rde6 31. Kh2 Re1 32. Qf2 R8e3 0-1

[Event "September TNT"]
[Site "Winnipeg CAN"]
[Date "2004.09.14"]
[Round "2"]
[White "Prince, Colin"]
[Black "Liebzeit, Mick"]
[Result "1-0"]
[WhiteElo "1744"]
[BlackElo "1353"]
[PlyCount "69"]
[GameId "2160767911069362"]
[EventDate "2004.09.07"]
[EventType "swiss"]
[EventRounds "4"]
[EventCountry "CAN"]

1. e4 c5 2. Nf3 Nc6 3. d4 cxd4 4. Nxd4 g6 5. Nc3 Bg7 6. Be3 Nf6 7. Bc4 O-O 8. f3 a6 9. Qd2 Re8 10. O-O-O e6 11. h4 d5 12. exd5 exd5 13. Bb3 h5 14. Bg5 Qb6 15. Nde2 Be6 16. Nf4 d4 17. Na4 Qb5 18. Bxe6 fxe6 19. b3 Rac8 20. a3 Na5 21. Kb1 Nc4 22. Qb4 Qf5 23. bxc4 b5 24. Nb6 Rc6 25. c5 Rxc5 26. Nd3 Rc6 27. Bxf6 Bxf6 28. Nd7 Be7 29. Qxd4 Rd6 30. Qa7 Rd8 31. N3e5 Rc8 32. Qf2 Rxd1+ 33. Rxd1 Bxa3 34. Qd2 Bd6 35. Qd3 1-0

[Event "September TNT"]
[Site "Winnipeg CAN"]
[Date "2004.09.14"]
[Round "2"]
[White "Reimer, Bruce"]
[Black "Cheyne, Andrew"]
[Result "1-0"]
[WhiteElo "1365"]
[BlackElo "1118"]
[PlyCount "76"]
[GameId "2160767911069363"]
[EventDate "2004.09.07"]
[EventType "swiss"]
[EventRounds "4"]
[EventCountry "CAN"]

1. c4 e5 2. g3 Nf6 3. Bg2 Bc5 4. e3 d6 5. a3 Bf5 6. b4 Nbd7 7. bxc5 Nxc5 8. Bf1 O-O 9. d3 Qd7 10. e4 Bg4 11. f3 Be6 12. Nc3 c6 13. Bg2 b5 14. cxb5 cxb5 15. Nge2 a6 16. O-O Qa7 17. Be3 a5 18. Nxb5 Qb6 19. Rb1 d5 20. Nbc3 Qa7 21. exd5 Bxd5 22. Na4 Rac8 23. Nxc5 Rxc5 24. Kh1 Rfc8 25. Nc3 Qe7 26. Nxd5 Nxd5 27. Bxc5 Qxc5 28. Rc1 Qf8 29. Rxc8 Qxc8 30. Qc1 Qf8 31. Qc6 Ne7 32. Qc7 h6 33. Rb1 Nd5 34. Qb8 a4 35. Qxe5 Qxa3 36. Qxd5 Qc3 37. Rb8+ Kh7 38. Qf5+ g6 1-0

[Event "September TNT"]
[Site "Winnipeg CAN"]
[Date "2004.09.21"]
[Round "3"]
[White "Repa, Jason"]
[Black "Prince, Colin"]
[Result "1/2-1/2"]
[WhiteElo "1963"]
[BlackElo "1744"]
[PlyCount "103"]
[GameId "2160767911069364"]
[EventDate "2004.09.07"]
[EventType "swiss"]
[EventRounds "4"]
[EventCountry "CAN"]

1. b3 b6 2. f4 Nf6 3. Nf3 e6 4. Bb2 Bb7 5. e3 Be7 6. Be2 d6 7. O-O Nbd7 8. a4 O-O 9. Na3 Rc8 10. Qe1 Re8 11. Nc4 Nf8 12. Bd1 Ng6 13. Rb1 Ba6 14. Be2 Bb7 15. Bd3 Ne4 16. f5 exf5 17. Nd4 f4 18. exf4 Bh4 19. Qd1 Nf2 20. Rxf2 Bxf2+ 21. Kxf2 Qh4+ 22. Kg1 Nxf4 23. Nf3 Qg4 24. Qf1 Nxg2 25. Qxg2 Bxf3 26. Qxg4 Bxg4 27. Kf2 Bh5 28. Rg1 Bg6 29. h4 f6 30. Bxg6 hxg6 31. Rxg6 Kf7 32. Rg4 d5 33. Ne3 Re4 34. Rg3 Rxh4 35. Rxg7+ Kxg7 36. Nf5+ Kf7 37. Nxh4 Rh8 38. Nf3 c5 39. c4 dxc4 40. bxc4 Rh1 41. Ne1 Kg6 42. Bc3 Kf5 43. Nc2 Ke4 44. Ne1 f5 45. d3+ Kf4 46. a5 Kg4 47. axb6 axb6 48. Be5 f4 49. Ng2 Rh3 50. d4 cxd4 51. Bxd4 Rh6 52. Nxf4 1/2-1/2

[Event "September TNT"]
[Site "Winnipeg CAN"]
[Date "2004.09.28"]
[Round "4"]
[White "Cheyne, Andrew"]
[Black "Anderson, George"]
[Result "0-1"]
[WhiteElo "1118"]
[BlackElo "1461"]
[PlyCount "87"]
[GameId "2160767911069365"]
[EventDate "2004.09.07"]
[EventType "swiss"]
[EventRounds "4"]
[EventCountry "CAN"]

1. e4 e6 2. Nf3 c5 3. Nc3 Qb6 4. Bc4 Nc6 5. d3 Nge7 6. O-O Ng6 7. Be3 Nce5 8. Bb3 Bd6 9. Nxe5 Bxe5 10. Qh5 d6 11. Rad1 Bf4 12. Qf3 Bxe3 13. Qxe3 O-O 14. d4 cxd4 15. Rxd4 e5 16. Rd3 Be6 17. Qxb6 axb6 18. Rxd6 Bxb3 19. axb3 Rfd8 20. Rd5 Rxd5 21. Nxd5 Ra2 22. Nxb6 Rxb2 23. Rc1 Nf4 24. Kf1 Ne6 25. Nd7 f6 26. f3 Nd4 27. c3 Nxb3 28. Rd1 Nd2+ 29. Ke1 Nc4 30. Nc5 b6 31. Na4 Rxg2 32. Rd8+ Kf7 33. Rd7+ Kg6 34. Rb7 Rxh2 35. Nxb6 Nd2 36. c4 Nxf3+ 37. Kf1 Nd2+ 38. Kg1 Re2 39. c5 Nxe4 40. c6 Rc2 41. c7 Nd6 42. Nd5 Kg5 43. Rb8 h5 44. Ne7 0-1

[Event "September TNT"]
[Site "Winnipeg CAN"]
[Date "2004.09.28"]
[Round "4"]
[White "Gibson, Fred"]
[Black "Trueman, Francis"]
[Result "0-1"]
[WhiteElo "1173"]
[BlackElo "1507"]
[PlyCount "78"]
[GameId "2160767911069366"]
[EventDate "2004.09.07"]
[EventType "swiss"]
[EventRounds "4"]
[EventCountry "CAN"]

1. d4 Nf6 2. c4 g6 3. Nc3 d6 4. e4 Nc6 5. Nf3 Bg4 6. Be2 e5 7. dxe5 dxe5 8. Qxd8+ Rxd8 9. Bd2 Bc5 10. O-O Bxf3 11. Bg5 Bxe2 12. Bxf6 Bxf1 13. Bxd8 Nxd8 14. Kxf1 O-O 15. Nd5 Ne6 16. b4 Bd4 17. Rd1 c6 18. Nf6+ Kg7 19. Ng4 h5 20. Ne3 Bxe3 21. fxe3 Ng5 22. Rd7 Rb8 23. Ke2 Nxe4 24. Kf3 Nf6 25. Rc7 Kf8 26. a4 Ke8 27. a5 a6 28. h3 Nd7 29. Ke4 Kd8 30. Rxd7+ Kxd7 31. Kxe5 Re8+ 32. Kf6 Rxe3 33. Kxf7 Rb3 34. Kxg6 Rxb4 35. g4 hxg4 36. hxg4 Rxc4 37. g5 Rg4 38. Kf6 Kd6 39. g6 Kc5 0-1